Most Populated U.S. States by Region - Statistics

General Stats
  • This quiz has been taken 179 times
  • The average score is 18 of 20
Answer Stats
Region Pop. State % Correct
West 39.43 m California
99%
Northeast 19.87 m New York
99%
South 31.29 m Texas
96%
South 23.37 m Florida
95%
West 7.96 m Washington
95%
West 7.58 m Arizona
93%
Midwest 11.88 m Ohio
93%
Midwest 12.71 m Illinois
91%
Northeast 13.08 m Pennsylvania
91%
South 11.18 m Georgia
90%
Midwest 10.14 m Michigan
89%
West 4.27 m Oregon
88%
Midwest 6.92 m Indiana
85%
Northeast 7.14 m Massachusetts
84%
West 5.96 m Colorado
83%
South 11.05 m North Carolina
83%
South 8.81 m Virginia
82%
Northeast 9.50 m New Jersey
78%
Midwest 6.24 m Missouri
74%
Northeast 3.68 m Connecticut
65%
No matching quizzes found
Score Distribution
Percent of People with Each Score
Percentile by Number Answered
Your Score History
You have not taken this quiz